UITU Library & LRC     

Electrodynamics tutorials with python simulations (Record no. 31567)

MARC details
000 -LEADER
fixed length control field 00402nam a2200157Ia 4500
008 - FIXED-LENGTH DATA ELEMENTS--GENERAL INFORMATION
fixed length control field 250916s9999 xx 000 0 und d
020 ## - INTERNATIONAL STANDARD BOOK NUMBER
International Standard Book Number 978-1-032-49803-4
082 ## - DEWEY DECIMAL CLASSIFICATION NUMBER
Classification number 537.602855133 KOU
100 ## - MAIN ENTRY--PERSONAL NAME
Personal name Kouh, Taejoon
245 #0 - TITLE STATEMENT
Title Electrodynamics tutorials with python simulations
250 ## - EDITION STATEMENT
Edition statement 1st
260 ## - PUBLICATION, DISTRIBUTION, ETC.
Place of publication, distribution, etc. New York:
Name of publisher, distributor, etc. CRC Press,
Date of publication, distribution, etc. 2024
300 ## - PHYSICAL DESCRIPTION
Extent 278 p.
600 ## - SUBJECT ADDED ENTRY--PERSONAL NAME
Personal name Physics
942 ## - ADDED ENTRY ELEMENTS (KOHA)
Koha item type Books
Holdings
Withdrawn status Lost status Damaged status Not for loan Collection Home library Current library Date acquired Source of acquisition Cost, normal purchase price Total checkouts Full call number Barcode Date last seen Date last checked out Cost, replacement price Price effective from Koha item type
        Humanities & Basic Sciences UITU Library UITU Library 08/06/2025 Paramount Books (Pvt) Ltd. 13943.60 2 537.602855133 KOU Q15942 01/21/2026 11/28/2025 18591.46 09/16/2025 Books

Powered by Koha